[Event "ITA-ch U14 feminile"]
[Site "Merano"]
[Date "2008.07.10"]
[Round "6"]
[White "Pavei, Deborah"]
[Black "Venturelli, Ester"]
[Result "1-0"]
[WhiteElo "1497"]
[BlackElo "1515"]
[PlyCount "119"]
[EventDate "2008.07.??"]

1. c4 c5 2. b3 Nc6 3. Bb2 Nf6 4. e3 e5 5. Be2 d6 6. d3 g6 7. Nc3 Bg7 8. Nf3 Bf5
9. O-O O-O 10. Re1 Re8 11. Nd5 Ne7 12. Nxf6+ Bxf6 13. Nd2 Nc6 14. a3 e4 15.
Bxf6 Qxf6 16. dxe4 Bxe4 17. Nxe4 Rxe4 18. Bf3 Re7 19. Bxc6 bxc6 20. Qf3 Qxf3
21. gxf3 Rb8 22. Rab1 Kf8 23. Red1 Rd7 24. e4 f6 25. Kg2 Ke7 26. Kg3 Ke6 27. f4
d5 28. cxd5+ cxd5 29. f3 dxe4 30. Rxd7 Kxd7 31. fxe4 Ke6 32. Kf3 c4 33. b4 Rd8
34. Ke2 Rd4 35. a4 Rxe4+ 36. Kf3 f5 37. b5 Rd4 38. a5 Rd8 39. b6 axb6 40. Rxb6+
Rd6 41. Rb7 Ra6 42. Rb6+ Rxb6 43. axb6 Kd6 44. Ke3 Kc6 45. Kd4 Kxb6 46. Kxc4
Kc6 47. Kd4 Kd6 48. h4 h5 49. Kc4 Kc6 50. Kd4 Kb5 51. Ke5 Kc4 52. Kf6 Kd4 53.
Kxg6 Ke4 54. Kg5 Kd5 55. Kxf5 Kd6 56. Kg6 Ke6 57. f5+ Ke7 58. Kg7 Ke8 59. f6
Kd7 60. f7 1-0

[Event "ITA-ch U14 feminile"]
[Site "Merano"]
[Date "2008.07.10"]
[Round "6"]
[White "Pes, Eleonora"]
[Black "Fuschillo, Maria"]
[Result "1-0"]
[WhiteElo "1545"]
[BlackElo "1389"]
[PlyCount "99"]
[EventDate "2008.07.??"]

1. e4 g6 2. d4 Bg7 3. Bc4 d6 4. Nc3 Nf6 5. Nge2 Nbd7 6. O-O O-O 7. h3 c5 8. Be3
a6 9. Ng3 b5 10. Be2 c4 11. a3 e5 12. f4 Bb7 13. Bf3 Bh6 14. Qd2 Ne8 15. Bg4
Nef6 16. Qe2 exf4 17. Bxf4 Bxf4 18. Rxf4 Qe8 19. Raf1 d5 20. e5 Rb8 21. exf6
Qxe2 22. Ncxe2 Nb6 23. Nc3 Bc6 24. h4 h5 25. Be2 Rbe8 26. R1f3 a5 27. b3 Kh8
28. Kf2 Kh7 29. Nf1 Kh6 30. Re3 Rxe3 31. Nxe3 Rg8 32. g4 g5 33. hxg5+ Rxg5 34.
Nf5+ Kg6 35. gxh5+ Rxh5 36. Bxh5+ Kxh5 37. Ne7 Bd7 38. Ncxd5 Nxd5 39. Nxd5 cxb3
40. cxb3 Be6 41. Nc7 Bxb3 42. Nxb5 Kg5 43. Rf3 Bd5 44. Rc3 Kxf6 45. Rc5 Ba8 46.
Nc7 Be4 47. Rxa5 Kg7 48. d5 Bf5 49. d6 f6 50. Rxf5 1-0

[Event "ITA-ch U14 feminile"]
[Site "Merano"]
[Date "2008.07.10"]
[Round "7"]
[White "Chiarion, Elisa"]
[Black "Pes, Eleonora"]
[Result "0-1"]
[WhiteElo "1897"]
[BlackElo "1545"]
[PlyCount "98"]
[EventDate "2008.07.??"]

1. e4 d5 2. exd5 Nf6 3. c4 Bf5 4. Nc3 c6 5. dxc6 Nxc6 6. Nf3 Nb4 7. Qa4+ Nc6 8.
Ne5 Bd7 9. Nxd7 Qxd7 10. Be2 e5 11. O-O Bc5 12. a3 O-O 13. b4 Bd4 14. Rb1 Qc7
15. Nb5 Qd7 16. Nxd4 Nxd4 17. Qd1 Rfe8 18. Bb2 Rad8 19. Bxd4 Qxd4 20. d3 e4 21.
Qb3 exd3 22. Bf3 Ne4 23. Rbd1 Nc3 24. Rd2 Ne2+ 25. Kh1 b6 26. Qa2 Nc3 27. Qb3
Ne2 28. g3 Nc3 29. Rc1 Ne2 30. Rcd1 Qxf2 31. Bg2 Re3 32. Rf1 Nxg3+ 33. hxg3
Qxd2 34. c5 Rf8 35. c6 Rxg3 36. Qd5 Qh6+ 37. Kg1 Qe3+ 38. Kh2 Rg5 39. Qf3 Qe5+
40. Kh1 Rh5+ 41. Kg1 Qh2+ 42. Kf2 Rd8 43. Ke1 Re5+ 44. Kd2 Re2+ 45. Kd1 f6 46.
Re1 Qxg2 47. Qxg2 Rxg2 48. Re7 Kf8 49. Rxa7 d2 0-1

[Event "ITA-ch U14 feminile"]
[Site "Merano"]
[Date "2008.07.10"]
[Round "7"]
[White "Pavei, Deborah"]
[Black "Doronzo, Eliana"]
[Result "1-0"]
[WhiteElo "1497"]
[BlackElo "1659"]
[PlyCount "101"]
[EventDate "2008.07.??"]

1. c4 e5 2. b3 Nc6 3. Bb2 Bc5 4. e3 d6 5. Nc3 Nf6 6. Be2 Bf5 7. d3 Qd7 8. Nf3
h6 9. O-O O-O-O 10. d4 Bb4 11. a3 Bxc3 12. Bxc3 Ne4 13. Bb2 exd4 14. Nxd4 Rhg8
15. Nxf5 Kb8 16. Nd4 Ne7 17. Bf3 Nf6 18. Ne2 Nf5 19. Ng3 Nh4 20. a4 Nh7 21. a5
a6 22. b4 c6 23. Be2 g5 24. Qd4 f5 25. Nh5 Qf7 26. Nf6 Rg7 27. Nxh7 Rxh7 28. b5
c5 29. Qd5 Qd7 30. bxa6 bxa6 31. Bf3 Ka7 32. Qc6 Nxf3+ 33. Qxf3 h5 34. Bc3 g4
35. Qd5 h4 36. Rab1 h3 37. g3 Re8 38. Rb6 Rb8 39. Rxb8 Kxb8 40. Rd1 Rh6 41. Be5
Kc8 42. Bxd6 Qb7 43. Qxb7+ Kxb7 44. Bxc5 Re6 45. Rd5 Rf6 46. Bd4 Rf7 47. c5 Kc8
48. Rd6 Rb7 49. Rb6 Rb8 50. Kf1 Rxb6 51. cxb6 1-0

[Event "ITA-ch U14 feminile"]
[Site "Merano"]
[Date "2008.07.11"]
[Round "8"]
[White "Doronzo, Eliana"]
[Black "Russo, Ariana"]
[Result "1-0"]
[WhiteElo "1659"]
[BlackElo "1611"]
[PlyCount "81"]
[EventDate "2008.07.??"]

1. e4 e6 2. d4 d5 3. exd5 exd5 4. Bf4 Bd6 5. Bxd6 Qxd6 6. Nc3 Bf5 7. Nf3 Nc6 8.
a3 Nge7 9. Qd2 O-O-O 10. O-O-O Bg4 11. Be2 f6 12. h3 Bh5 13. g4 Bf7 14. Rhg1 g5
15. h4 h6 16. Rde1 Rde8 17. Bd3 a6 18. h5 Be6 19. Na4 Nb8 20. Nc5 Bd7 21. Qb4
Qb6 22. Qxb6 cxb6 23. Nxd7 Nxd7 24. Nd2 b5 25. Re2 Nc6 26. c3 Nb6 27. Rge1 Kd8
28. Nb3 Na4 29. Bg6 Re7 30. Rxe7 Nxe7 31. Bc2 Kd7 32. Nc5+ Nxc5 33. dxc5 Rc8
34. b4 Rc6 35. a4 b6 36. axb5 axb5 37. Bd3 Rc7 38. Bxb5+ Kd8 39. cxb6 Rxc3+ 40.
Kb2 d4 41. b7 1-0

[Event "ITA-ch U14 feminile"]
[Site "Merano"]
[Date "2008.07.11"]
[Round "8"]
[White "Pes, Eleonora"]
[Black "Pavei, Deborah"]
[Result "0-1"]
[WhiteElo "1545"]
[BlackElo "1497"]
[PlyCount "94"]
[EventDate "2008.07.??"]

1. e4 c5 2. Nc3 d6 3. f4 Nc6 4. Nf3 e6 5. Bb5 Bd7 6. O-O a6 7. Be2 Nge7 8. d4
cxd4 9. Nxd4 Qb6 10. Be3 e5 11. fxe5 dxe5 12. Na4 Qa5 13. Nxc6 Nxc6 14. Nc3 Bc5
15. Bxc5 Qxc5+ 16. Kh1 Be6 17. Bd3 O-O 18. Qd2 Rad8 19. Qe2 Nb4 20. a3 Nxd3 21.
cxd3 f6 22. Rad1 b5 23. Qf2 Qxf2 24. Rxf2 Rd7 25. h3 Rfd8 26. Rf3 Kf7 27. Ne2
Bc4 28. Nc1 Be6 29. Kg1 g6 30. Rdf1 f5 31. exf5 gxf5 32. g4 f4 33. Re1 Bd5 34.
Rf2 Kf6 35. Ne2 Bb7 36. d4 exd4 37. Rxf4+ Kg5 38. Rf5+ Kg6 39. Nf4+ Kh6 40.
Re6+ Kg7 41. Nh5+ Kh8 42. Nf6 Rf7 43. Rh5 d3 44. g5 d2 45. g6 d1=Q+ 46. Kf2
Qf3+ 47. Kg1 Qg2# 0-1

[Event "ITA-ch U14 feminile"]
[Site "Merano"]
[Date "2008.07.12"]
[Round "9"]
[White "Milano, Maria"]
[Black "Doronzo, Eliana"]
[Result "0-1"]
[WhiteElo "1425"]
[BlackElo "1659"]
[PlyCount "83"]
[EventDate "2008.07.??"]

1. d4 d5 2. Nf3 e6 3. e3 c5 4. c3 Nf6 5. Bd3 c4 6. Bc2 b5 7. O-O Bb7 8. Nbd2
Bd6 9. Re1 Ne4 10. Nxe4 dxe4 11. Nd2 f5 12. f3 exf3 13. Nxf3 O-O 14. Bd2 Nd7
15. e4 Qb6 16. Kh1 h6 17. e5 Be7 18. Qe2 Qd8 19. Rf1 Bg5 20. Nxg5 hxg5 21. Qh5
g4 22. Qg6 Qe8 23. Qg5 g6 24. Qh4 Rf7 25. Bf4 Rh7 26. Qg3 Kf7 27. Kg1 Nb6 28.
Bd2 Kg7 29. Rae1 Qc6 30. Bd1 Rah8 31. Bg5 Nd7 32. Bf6+ Nxf6 33. exf6+ Kf7 34.
Rf2 Rxh2 35. Qxh2 Rxh2 36. Kxh2 Qd6+ 37. Re5 a6 38. Kg1 Bd5 39. Rfe2 Qf8 40.
Kf2 Qh6 41. R5e3 Qh1 42. Rd2 0-1

[Event "ITA-ch U14 feminile"]
[Site "Merano"]
[Date "2008.07.12"]
[Round "9"]
[White "Pavei, Deborah"]
[Black "Guerini, Sara"]
[Result "1/2-1/2"]
[WhiteElo "1497"]
[BlackElo "1476"]
[PlyCount "38"]
[EventDate "2008.07.??"]

1. c4 e5 2. b3 d6 3. Bb2 c5 4. Nc3 Nc6 5. e3 Nf6 6. Be2 Be7 7. d3 a6 8. Nf3 O-O
9. O-O b6 10. a3 Rb8 11. Rb1 b5 12. Nd5 b4 13. Nxe7+ Qxe7 14. a4 Rd8 15. Nd2 d5
16. cxd5 Nxd5 17. Bf3 Na5 18. Nc4 Nxc4 19. bxc4 Nf6 1/2-1/2

[Event "ITA-ch U14 feminile"]
[Site "Merano"]
[Date "2008.07.12"]
[Round "9"]
[White "Venturelli, Ester"]
[Black "Pes, Eleonora"]
[Result "0-1"]
[WhiteElo "1515"]
[BlackElo "1545"]
[PlyCount "68"]
[EventDate "2008.07.??"]

1. e4 d5 2. exd5 Nf6 3. Nf3 Nxd5 4. d4 Bf5 5. Bd3 Bxd3 6. Qxd3 e6 7. O-O Bd6 8.
Nc3 Nxc3 9. Qxc3 O-O 10. Qb3 b6 11. d5 exd5 12. Qxd5 Bxh2+ 13. Nxh2 Qxd5 14.
Bf4 c5 15. b3 Nc6 16. Bg3 Rad8 17. c4 Qe6 18. Rfe1 Qg6 19. Nf3 Rfe8 20. Bc7
Rxe1+ 21. Rxe1 Rc8 22. a3 h6 23. Bg3 Rd8 24. Ne5 Nxe5 25. Bxe5 Re8 26. Bc3
Rxe1+ 27. Bxe1 Qb1 28. Kf1 Qxb3 29. Bd2 Qxc4+ 30. Kg1 b5 31. Be3 Qc3 32. g3
Qxa3 33. Bf4 b4 34. Bd6 b3 0-1

[Event "ITA-ch U14 maschile"]
[Site "Merano"]
[Date "2008.07.06"]
[Round "1"]
[White "Di Paolantonio, Leonardo"]
[Black "Spornberger, Maximilian"]
[Result "0-1"]
[WhiteElo "1461"]
[BlackElo "2020"]
[PlyCount "66"]
[EventDate "2008.07.??"]

1. e4 d5 2. exd5 Nf6 3. c4 c6 4. dxc6 Nxc6 5. Nc3 e5 6. d3 Bc5 7. Be3 Bxe3 8.
fxe3 Qb6 9. Qd2 Be6 10. Na4 Qb4 11. Qxb4 Nxb4 12. Kd2 O-O-O 13. Kc3 Na6 14. Nf3
Ng4 15. Re1 Bd7 16. b3 Bxa4 17. bxa4 Nc5 18. d4 Nxa4+ 19. Kb3 Nb6 20. h3 Nf2
21. Rg1 exd4 22. exd4 Rhe8 23. Re2 Rxe2 24. Bxe2 Re8 25. Bd1 Re3+ 26. Kb4 Nd3+
27. Kb5 Kc7 28. Bc2 a6+ 29. Ka5 Nxc4+ 30. Ka4 b5+ 31. Kb3 Ne1+ 32. Kb4 Nxc2+
33. Kc5 Nb6 0-1

[Event "ITA-ch U14 maschile"]
[Site "Merano"]
[Date "2008.07.06"]
[Round "1"]
[White "Lombardo, Michele"]
[Black "Rossi, Giacomo"]
[Result "1-0"]
[WhiteElo "2009"]
[BlackElo "1458"]
[PlyCount "61"]
[EventDate "2008.07.??"]

1. e4 e5 2. Nf3 Nc6 3. Bc4 Bc5 4. c3 Nf6 5. d3 d6 6. Nbd2 a6 7. Bb3 Bg4 8. h3
Bd7 9. O-O Qe7 10. Nc4 h6 11. Be3 Ba7 12. Bxa7 Rxa7 13. Ne3 Be6 14. Bc2 Ra8 15.
Nh4 Kd7 16. Nhf5 Bxf5 17. Nxf5 Qf8 18. f4 g6 19. Ne3 Qe7 20. fxe5 dxe5 21. Qf3
Rag8 22. Qxf6 Qxf6 23. Rxf6 Ke7 24. Nd5+ Kd7 25. Rxf7+ Kd8 26. Raf1 Ke8 27.
Nxc7+ Kd8 28. Ne6+ Kc8 29. Rf8+ Rxf8 30. Rxf8+ Rxf8 31. Nxf8 1-0

[Event "ITA-ch U14 maschile"]
[Site "Merano"]
[Date "2008.07.06"]
[Round "1"]
[White "Taufer, Marco"]
[Black "Davi, Alessandro"]
[Result "1-0"]
[WhiteElo "1458"]
[BlackElo "2009"]
[PlyCount "151"]
[EventDate "2008.07.??"]

1. d4 Nf6 2. Nf3 g6 3. c4 Bg7 4. Nc3 d5 5. Bf4 c6 6. e3 O-O 7. Bd3 Re8 8. O-O
Nh5 9. Bxb8 Rxb8 10. cxd5 cxd5 11. Rc1 a6 12. Qb3 Be6 13. Ng5 Qd6 14. Nxe6 fxe6
15. Rfd1 Nf6 16. Be2 Rec8 17. Bf3 b5 18. a3 b4 19. Ne2 Rxc1 20. Rxc1 g5 21. g3
a5 22. a4 Qa6 23. Qd1 Rc8 24. Rc2 Rxc2 25. Qxc2 b3 26. Qd1 Ne4 27. Bxe4 dxe4
28. Nc3 Qc4 29. Qe2 Qd3 30. Qxd3 exd3 31. Kf1 e5 32. Nb5 exd4 33. Nxd4 e5 34.
Nxb3 e4 35. Nc5 Bxb2 36. Nxe4 h6 37. Ke1 Kf7 38. Kd2 Ke6 39. Kxd3 Kd5 40. Nc3+
Kc5 41. Na2 h5 42. f3 h4 43. gxh4 gxh4 44. h3 Kd5 45. Kc2 Bg7 46. Kb3 Bh6 47.
Nc3+ Kc5 48. f4 Bg7 49. f5 Kd6 50. Kc4 Ke5 51. e4 Bf8 52. Kb5 Bb4 53. Kc4 Bf8
54. Kd3 Kf4 55. Ne2+ Kf3 56. e5 Kg2 57. Nf4+ Kg3 58. Ke4 Bh6 59. e6 Bg5 60. Ng6
Kxh3 61. e7 Bxe7 62. Nxe7 Kg3 63. f6 h3 64. Nf5+ Kf2 65. f7 h2 66. f8=Q h1=Q+
67. Ke5 Qa1+ 68. Nd4+ Ke1 69. Qf4 Qc3 70. Qe4+ Kd2 71. Kd5 Qc8 72. Qc2+ Qxc2
73. Nxc2 Kxc2 74. Kc4 Kd2 75. Kb5 Kd3 76. Kxa5 1-0

[Event "ITA-ch U14 maschile"]
[Site "Merano"]
[Date "2008.07.06"]
[Round "1"]
[White "Testa, Adriano"]
[Black "Salamone, Silvio"]
[Result "1/2-1/2"]
[WhiteElo "2080"]
[BlackElo "461"]
[PlyCount "120"]
[EventDate "2008.07.??"]

1. e4 c6 2. Nf3 d5 3. Nc3 dxe4 4. Nxe4 Bf5 5. Ng3 g6 6. Nxf5 gxf5 7. d4 e6 8.
Bg5 Nf6 9. c3 h6 10. Bh4 Be7 11. Bd3 a6 12. Qe2 Nbd7 13. O-O-O Nd5 14. Bxe7
Qxe7 15. g3 f4 16. Qd2 fxg3 17. hxg3 Qf6 18. Be4 O-O-O 19. Rh4 h5 20. Rdh1 Qh6
21. Bxd5 exd5 22. Qxh6 Rxh6 23. Ng5 Rf6 24. f4 Rg8 25. Rxh5 Rf5 26. Rh8 Rxh8
27. Rxh8+ Kc7 28. Rh7 Rf6 29. Rxf7 Rxf7 30. Nxf7 Nf6 31. Ne5 Nh5 32. g4 Nxf4
33. g5 Kd6 34. g6 Ne6 35. Kc2 Ke7 36. Kb3 Kf6 37. Kb4 c5+ 38. Ka5 cxd4 39. cxd4
Nxd4 40. Nd3 Kxg6 41. Kb6 Kf5 42. Kxb7 Ke4 43. Nc5+ Ke3 44. Kxa6 Nc2 45. Kb5 d4
46. a4 d3 47. Nxd3 Kxd3 48. a5 Nd4+ 49. Kb6 Kc4 50. a6 Nb5 51. b3+ Kb4 52. Kc6
Ka5 53. Kb7 Kb4 54. Kb6 Nd6 55. Kc7 Nb5+ 56. Kc6 Ka5 57. Kb7 Kb4 58. Kb6 Nd6
59. Kc7 Nb5+ 60. Kb6 Nd6 1/2-1/2

[Event "ITA-ch U14 maschile"]
[Site "Merano"]
[Date "2008.07.07"]
[Round "2"]
[White "Di Giorgio, Daniele"]
[Black "Altini, Nicola"]
[Result "0-1"]
[WhiteElo "1611"]
[BlackElo "2007"]
[PlyCount "72"]
[EventDate "2008.07.??"]

1. e4 e5 2. Nc3 Nc6 3. g3 Nf6 4. Bg2 Bc5 5. Nge2 d6 6. O-O O-O 7. d3 h6 8. h3
Ne7 9. Kh2 Ng6 10. f4 exf4 11. Nxf4 Nxf4 12. Bxf4 Bd4 13. Qd2 Nh5 14. Be3 Bxe3
15. Qxe3 Nf6 16. g4 c6 17. g5 hxg5 18. Kg1 g4 19. hxg4 Nxg4 20. Qg3 Ne5 21. Bf3
Qd7 22. Kg2 Nxf3 23. Rxf3 Qg4 24. Rh1 Qxg3+ 25. Rxg3 g6 26. Ne2 Kg7 27. Rh5 Rh8
28. Rhg5 Kf8 29. Rf3 d5 30. Nd4 Rh4 31. Nb3 Rg4+ 32. Rg3 Rxg5 33. Rxg5 Be6 34.
Nc5 b6 35. Nb7 Rb8 36. Nd6 f6 0-1

[Event "ITA-ch U14 maschile"]
[Site "Merano"]
[Date "2008.07.07"]
[Round "2"]
[White "Marguerettaz, Davy"]
[Black "Rizzoli, Aluna"]
[Result "1-0"]
[WhiteElo "1987"]
[BlackElo "1560"]
[PlyCount "111"]
[EventDate "2008.07.??"]

1. e4 d5 2. exd5 Nf6 3. Bb5+ Bd7 4. Bc4 b5 5. Bb3 a5 6. a4 bxa4 7. Bc4 Ne4 8.
Nc3 Nd6 9. Ba2 g6 10. d4 Bg7 11. Bf4 O-O 12. Nf3 Na6 13. h4 h6 14. Qd2 Kh7 15.
Ne5 Nb4 16. Bb1 f5 17. Nxd7 Qxd7 18. Nxa4 Ne4 19. Qd1 Nxd5 20. Bh2 Nb6 21. Nxb6
cxb6 22. c3 Qd5 23. O-O Bf6 24. h5 Rg8 25. Ba2 Qb7 26. Bxg8+ Rxg8 27. Qf3 Qd7
28. hxg6+ Rxg6 29. Rad1 Ng5 30. Qe3 Qd5 31. f3 Nh3+ 32. Kh1 f4 33. Qe4 Qh5 34.
gxh3 Qxh3 35. Rg1 Bg5 36. d5 Kg7 37. Qc2 Qxf3+ 38. Qg2 Qh5 39. Qg4 Qxg4 40.
Rxg4 h5 41. Rxg5 Rxg5 42. Rg1 Kg6 43. Bxf4 Rxg1+ 44. Kxg1 b5 45. Bc7 a4 46. Bd8
Kf7 47. Kf2 e6 48. dxe6+ Kxe6 49. Ke3 Kd5 50. Kd3 Kc5 51. Be7+ Kd5 52. Ke3 Ke5
53. Kf3 Kf5 54. Kg3 Kg6 55. Kh4 Kh6 56. Bg5+ 1-0

[Event "ITA-ch U14 maschile"]
[Site "Merano"]
[Date "2008.07.07"]
[Round "2"]
[White "Padovano, Giuseppe"]
[Black "Lombardo, Michele"]
[Result "1-0"]
[WhiteElo "1618"]
[BlackElo "2009"]
[PlyCount "79"]
[EventDate "2008.07.??"]

1. d4 Nf6 2. c4 g6 3. Nc3 Bg7 4. e4 d6 5. Nf3 O-O 6. Be2 e5 7. O-O Nc6 8. d5
Ne7 9. b4 a5 10. Ba3 axb4 11. Bxb4 b6 12. a4 Nh5 13. Re1 f5 14. Ng5 Nf4 15. Bf3
h6 16. Ne6 Nxe6 17. dxe6 Bxe6 18. exf5 gxf5 19. Bxa8 Qxa8 20. Nb5 Qc6 21. Nxc7
Qxc7 22. Qxd6 Qxc4 23. Qxe7 Rf6 24. Rac1 Qd5 25. Red1 Qb3 26. Qd8+ Kh7 27. Rc7
f4 28. Qd3+ Qxd3 29. Rxd3 Kg6 30. Rd6 Bb3 31. Rxf6+ Bxf6 32. Rc6 Kf5 33. Rxb6
Bxa4 34. Bf8 h5 35. f3 Bc2 36. g4+ hxg4 37. fxg4+ Kg5 38. h4+ Kxh4 39. Rxf6
Kxg4 40. Bd6 1-0

[Event "ITA-ch U14 maschile"]
[Site "Merano"]
[Date "2008.07.07"]
[Round "2"]
[White "Spornberger, Maximilian"]
[Black "De Luca, Fabio"]
[Result "1-0"]
[WhiteElo "2020"]
[BlackElo "1566"]
[PlyCount "97"]
[EventDate "2008.07.??"]

1. d4 Nf6 2. Bf4 g6 3. e3 Bg7 4. Nf3 O-O 5. Be2 d6 6. h3 c5 7. O-O cxd4 8. exd4
Qb6 9. Nbd2 Bd7 10. Nc4 Qd8 11. c3 Nd5 12. Bh2 Nc6 13. Qb3 Nb6 14. Nxb6 Qxb6
15. Qxb6 axb6 16. Nd2 Na7 17. Nc4 Nc8 18. a3 b5 19. Ne3 Nb6 20. Rfe1 Rfc8 21.
Bd3 Bf8 22. Re2 Nc4 23. Bxc4 bxc4 24. Nd5 Ra6 25. Nxe7+ Bxe7 26. Rxe7 Bc6 27.
Bxd6 Bd5 28. Bb4 b5 29. Rae1 Raa8 30. f3 Rab8 31. Kf2 Be6 32. Re5 Rd8 33. Rc5
Rd7 34. Rxd7 Bxd7 35. Rc7 Bf5 36. d5 Rd8 37. d6 Rd7 38. Ke3 Kg7 39. Kd4 Kf6 40.
Kc5 Rxc7+ 41. dxc7 Bd7 42. Kb6 Ke5 43. Kb7 Kf4 44. Bd6+ Ke3 45. c8=Q Bxc8+ 46.
Kxc8 Kd2 47. Kd7 Kc2 48. Kc6 Kxb2 49. Bb4 1-0

[Event "ITA-ch U14 maschile"]
[Site "Merano"]
[Date "2008.07.08"]
[Round "3"]
[White "Altini, Nicola"]
[Black "Palazzotto, Roberto"]
[Result "1/2-1/2"]
[WhiteElo "2007"]
[BlackElo "1740"]
[PlyCount "160"]
[EventDate "2008.07.??"]

1. e4 c5 2. Nf3 Nc6 3. c3 g6 4. g3 Bg7 5. Bg2 Nf6 6. O-O O-O 7. d3 d6 8. Nbd2
Bg4 9. h3 Bxf3 10. Nxf3 Rc8 11. a4 d5 12. e5 Nd7 13. d4 cxd4 14. cxd4 Qb6 15.
Rb1 Rc7 16. b3 Rfc8 17. e6 fxe6 18. Bf4 e5 19. Nxe5 Ncxe5 20. dxe5 e6 21. Bxd5
Bxe5 22. Re1 Qd6 23. Bc4 Qxd1 24. Rbxd1 Bxf4 25. Bxe6+ Kf8 26. Bxd7 Rd8 27. Be6
Rxd1 28. Rxd1 Be5 29. Bc4 b6 30. Kg2 Kg7 31. f4 Bf6 32. g4 h6 33. Rd6 Re7 34.
Kf3 g5 35. f5 Re8 36. Rc6 Bd8 37. Rg6+ Kh7 38. Bd3 Rg8 39. Re6 Kg7 40. Rg6+ Kh7
41. Rd6 a5 42. Rd7+ Kh8 43. Bc4 Rf8 44. Bf7 Bf6 45. Bg6 Bg7 46. Rb7 Rf6 47. Ke4
Bf8 48. Rb8 Kg7 49. Rb7+ Kh8 50. Kd5 Kg8 51. Rb8 Kg7 52. Rd8 Bb4 53. Rd7+ Kg8
54. Rd8+ Kg7 55. Ke5 Bc3+ 56. Ke4 Bb4 57. Rc8 Ba3 58. Rc3 Bd6 59. Kd4 Bf4 60.
Ke4 Bd6 61. Rc1 Bf4 62. Rd1 Bd6 63. Kf3 Kf8 64. Re1 Kg7 65. Rh1 Kg8 66. h4 Kg7
67. hxg5 hxg5 68. Ke4 Bf4 69. Rh7+ Kg8 70. Rb7 Kf8 71. Ra7 Kg8 72. Kd5 Kf8 73.
Bh5 Kg8 74. Kc4 Be3 75. Ra8+ Kg7 76. Kd5 Bf4 77. Re8 Bg3 78. Re6 Rxe6 79. Kxe6
Kf8 80. Bg6 Bf4 1/2-1/2

[Event "ITA-ch U14 maschile"]
[Site "Merano"]
[Date "2008.07.08"]
[Round "3"]
[White "Campomori, Dario"]
[Black "Cantoro, Daniele"]
[Result "0-1"]
[WhiteElo "1365"]
[BlackElo "1907"]
[PlyCount "70"]
[EventDate "2008.07.??"]

1. e4 c5 2. Nf3 Nc6 3. d4 cxd4 4. Nxd4 Nf6 5. Nc3 e5 6. Nf3 Bb4 7. Bd2 d6 8.
Bd3 Bg4 9. h3 Bh5 10. O-O O-O 11. Re1 Nd4 12. Be2 Nxe2+ 13. Qxe2 h6 14. Qb5
Bxc3 15. Bxc3 Bxf3 16. gxf3 Nh5 17. Rad1 Nf4 18. Qf1 Qh4 19. Kh2 Rfd8 20. Bd2
Rac8 21. c3 Re8 22. Bxf4 Qxf4+ 23. Kg2 Re6 24. Qh1 f5 25. Re3 Rf8 26. Rdd3 Rg6+
27. Kf1 fxe4 28. Rxe4 Qc1+ 29. Re1 Qxb2 30. Re2 Qb1+ 31. Re1 Qxd3+ 32. Re2 Qd1+
33. Re1 Qxf3 34. Qxf3 Rxf3 35. Rd1 Rxc3 0-1

[Event "ITA-ch U14 maschile"]
[Site "Merano"]
[Date "2008.07.08"]
[Round "3"]
[White "Cinque, Antonio"]
[Black "Dionigi, Riccardo"]
[Result "1-0"]
[WhiteElo "1867"]
[BlackElo "1726"]
[PlyCount "73"]
[EventDate "2008.07.??"]

1. e4 c5 2. Nc3 d6 3. f4 Nc6 4. Bc4 Nf6 5. Nf3 e6 6. O-O a6 7. a4 Be7 8. Ba2
O-O 9. d3 b6 10. Bd2 Bb7 11. Qe1 Nd4 12. Nxd4 cxd4 13. Ne2 e5 14. c3 dxc3 15.
Nxc3 Nd7 16. Qg3 Bf6 17. f5 Nc5 18. b4 Nd7 19. Bd5 Bxd5 20. Nxd5 Kh8 21. Rac1
Rc8 22. Rxc8 Qxc8 23. Rc1 Qe8 24. Qe3 Qb8 25. Rc6 Bd8 26. Be1 b5 27. a5 h6 28.
Qd2 Nf6 29. Nxf6 gxf6 30. Qc2 Rg8 31. Rxa6 Be7 32. Rc6 Qf8 33. a6 Qg7 34. a7
Kh7 35. Rc8 Bd8 36. a8=Q Bb6+ 37. Kh1 1-0

[Event "ITA-ch U14 maschile"]
[Site "Merano"]
[Date "2008.07.08"]
[Round "3"]
[White "Mauriello, Corrado"]
[Black "De Filomeno, Simone"]
[Result "0-1"]
[WhiteElo "1503"]
[BlackElo "2102"]
[PlyCount "48"]
[EventDate "2008.07.??"]

1. e4 c5 2. Nf3 Nc6 3. d4 cxd4 4. Nxd4 g6 5. Be3 Nf6 6. Nc3 Bg7 7. Qd2 O-O 8.
O-O-O Ng4 9. Nb3 Nxe3 10. Qxe3 d6 11. h3 Bd7 12. g4 a5 13. a3 a4 14. Nd2 Bd4
15. Qg3 Qa5 16. f4 Qc5 17. f5 Rfc8 18. Ndb1 Ne5 19. h4 b5 20. h5 g5 21. Rh2
Be3+ 22. Rdd2 Bf4 23. Qg2 Bxh2 24. Qxh2 Nf3 0-1

[Event "ITA-ch U14 maschile"]
[Site "Merano"]
[Date "2008.07.08"]
[Round "3"]
[White "Valbusa, Lorenzo"]
[Black "Marguerettaz, Davy"]
[Result "0-1"]
[WhiteElo "1739"]
[BlackElo "1987"]
[PlyCount "36"]
[EventDate "2008.07.??"]

1. e4 c5 2. Nf3 Nc6 3. d4 cxd4 4. Nxd4 g6 5. Nc3 Bg7 6. Be3 Nf6 7. f3 O-O 8.
Bc4 Qb6 9. Ncb5 a6 10. Nf5 Qd8 11. Nh6+ Bxh6 12. Bxh6 axb5 13. Bxf8 Kxf8 14.
Bxb5 Qa5+ 15. Qd2 Qxb5 16. Qh6+ Kg8 17. g4 Nd4 18. Rd1 Qe2# 0-1

[Event "ITA-ch U14 maschile"]
[Site "Merano"]
[Date "2008.07.08"]
[Round "4"]
[White "Cantoro, Daniele"]
[Black "Cinque, Antonio"]
[Result "1/2-1/2"]
[WhiteElo "1907"]
[BlackElo "1867"]
[PlyCount "86"]
[EventDate "2008.07.??"]

1. d4 e6 2. c4 d5 3. Nf3 Nf6 4. Nc3 Nbd7 5. c5 c6 6. e3 Be7 7. Bd3 Qc7 8. b4 e5
9. Bc2 O-O 10. dxe5 Nxe5 11. Nxe5 Qxe5 12. Qd4 Qg5 13. g3 Qh5 14. Bd1 Qh3 15.
Qd3 Bf5 16. Qf1 Qxf1+ 17. Rxf1 Ng4 18. Bxg4 Bxg4 19. Ne2 Bf6 20. Nd4 Rfe8 21.
Bb2 a5 22. a3 axb4 23. axb4 Rxa1+ 24. Bxa1 Ra8 25. Kd2 Ra2+ 26. Kc3 Bxd4+ 27.
exd4 Bh3 28. Re1 Kf8 29. Bb2 Ra8 30. Bc1 f6 31. Kb3 Re8 32. Rxe8+ Kxe8 33. Ka4
Bf1 34. Ka5 Kd7 35. Kb6 Ba6 36. h4 Ke6 37. Kc7 Kf5 38. Kd6 g5 39. hxg5 fxg5 40.
f3 h5 41. Be3 h4 42. g4+ Kf6 43. Bg1 Kg6 1/2-1/2

[Event "ITA-ch U14 maschile"]
[Site "Merano"]
[Date "2008.07.08"]
[Round "4"]
[White "De Filomeno, Simone"]
[Black "Sorbera, Giovanni"]
[Result "1-0"]
[WhiteElo "2102"]
[BlackElo "1707"]
[PlyCount "65"]
[EventDate "2008.07.??"]

1. e4 d6 2. d4 Nf6 3. Nc3 c6 4. f4 Qa5 5. Bd2 e5 6. Nf3 Bg4 7. Nd5 Qd8 8. Nxf6+
Qxf6 9. dxe5 dxe5 10. fxe5 Qg6 11. Bd3 Nd7 12. Bc3 O-O-O 13. Qe2 Bc5 14. O-O-O
Rhe8 15. h3 Bxf3 16. gxf3 Nxe5 17. Bxe5 Rxe5 18. f4 Qh6 19. Rdf1 Rh5 20. Kb1
Kb8 21. Qf3 Rh4 22. Qg3 Ka8 23. e5 Rd4 24. f5 Rb4 25. e6 Rxb2+ 26. Kxb2 Rb4+
27. Kc3 Bd4+ 28. Kxb4 Qd2+ 29. Ka4 Bc5 30. Qe1 b5+ 31. Kb3 Qg5 32. Qe4 Kb7 33.
Bxb5 1-0

[Event "ITA-ch U14 maschile"]
[Site "Merano"]
[Date "2008.07.08"]
[Round "4"]
[White "Marsili, Riccardo"]
[Black "Sagripanti, Michele"]
[Result "1/2-1/2"]
[WhiteElo "1817"]
[BlackElo "1635"]
[PlyCount "66"]
[EventDate "2008.07.??"]

1. d4 Nf6 2. c4 g6 3. Nc3 d5 4. cxd5 Nxd5 5. e4 Nb6 6. Nf3 Bg7 7. Be3 O-O 8.
Be2 Nc6 9. O-O e5 10. d5 Ne7 11. Bc5 f5 12. exf5 gxf5 13. d6 cxd6 14. Qxd6 Nc6
15. Bb5 e4 16. Bxc6 bxc6 17. Qf4 Re8 18. Rad1 Nd5 19. Nxd5 cxd5 20. Nd4 Be5 21.
Qh6 Qf6 22. Qxf6 Bxf6 23. b3 Bxd4 24. Bxd4 Ba6 25. Rfe1 Bd3 26. Rc1 Rec8 27. h3
a5 28. Kh2 a4 29. bxa4 Rc4 30. Bc5 Raxa4 31. a3 Rxc1 32. Rxc1 Rc4 33. Rxc4 Bxc4
1/2-1/2

[Event "ITA-ch U14 maschile"]
[Site "Merano"]
[Date "2008.07.08"]
[Round "4"]
[White "Salvioli, Alessandro"]
[Black "Melone, Antonio"]
[Result "1/2-1/2"]
[WhiteElo "1849"]
[BlackElo "1718"]
[PlyCount "90"]
[EventDate "2008.07.??"]

1. e4 c6 2. d4 d5 3. Nc3 dxe4 4. Nxe4 Nd7 5. Nf3 e6 6. c3 Ngf6 7. Ng3 Bd6 8.
Bd3 Qc7 9. O-O b6 10. a4 Bb7 11. Re1 c5 12. Bd2 O-O-O 13. b4 c4 14. Bf1 h5 15.
Bg5 Rdg8 16. Qe2 Bd5 17. Ne5 h4 18. Nh1 Ne4 19. Bd2 Nxe5 20. dxe5 Bxe5 21. g3
hxg3 22. fxg3 Bxg3 23. Nxg3 Nxg3 24. Qe5 Qxe5 25. Rxe5 Nxf1 26. Rxf1 f6 27. Re2
Rh4 28. Be1 Rg4+ 29. Bg3 Rd8 30. b5 e5 31. a5 Be4 32. Ra1 bxa5 33. Kf2 Bd3 34.
Rea2 Kb7 35. Rxa5 Ra8 36. Ra6 Re4 37. R1a2 Rg4 38. Re6 Rc8 39. Rea6 Ra8 40. Re6
Bf5 41. Rd6 Rc8 42. Rda6 Ra8 43. b6 Be4 44. bxa7 Bf5 45. R6a4 Be6 1/2-1/2